Line of Succession to the British Throne 2026 - Statistics

General Stats
  • This quiz has been taken 34 times
  • The average score is 23 of 100
Answer Stats
Rank Royal % Correct
1. Prince William
100%
2. Prince George
95%
6. Prince Archie
91%
4. Prince Louis
91%
3. Princess Charlotte
91%
7. Princess Lilibet
86%
12. Princess Eugenie
77%
15. Prince Edward
73%
9. Princess Beatrice
73%
5. Prince Henry
68%
18. Princess Anne
68%
8. Andrew Mountbatten-Windsor
45%
97. Princess Martha Louise
45%
22. Zara Tindall
32%
21. Isla Phillips
27%
16. James Mountbatten-Windsor
27%
17. Lady Louise Mountbatten-Windsor
27%
25. Lucas Tindall
27%
23. Mia Tindall
27%
19. Peter Phillips
27%
20. Savannah Phillips
27%
11. Athena Mapelli Mozzi
23%
13. August Brooksbank
23%
14. Ernest Brooksbank
23%
42. Prince Edward, Duke of Kent
23%
32. Prince Richard
23%
10. Sienna Mapelli Mozzi
23%
45. Albert Windsor
18%
33. Alexander Windsor
18%
94. Crown Prince Haakon
18%
26. David Armstrong-Jones
18%
54. Frederick Windsor
18%
43. George Windsor
18%
56. Isabella Windsor
18%
93. King Harald V
18%
44. Lady Amelia Windsor
18%
35. Lady Cosima Windsor
18%
36. Lady Davina Windsor
18%
29. Lady Sarah Chatto
18%
24. Lena Tindall
18%
46. Leopold Windsor
18%
47. Louis Windsor
18%
55. Maud Windsor
18%
53. Prince Michael
18%
58. Princess Alexandra
18%
96. Princess Ingrid Alexandra
18%
95. Prince Sverre Magnus
18%
30. Samuel Chatto
18%
34. Xan Windsor
18%
60. Alexander Ogilvy
14%
31. Arthur Chatto
14%
27. Charles Armstrong-Jones
14%
59. James Ogilvy
14%
57. Lady Gabriella Kingston
14%
28. Lady Margarita Armstrong-Jones
14%
62. Marina Ogilvy
14%
64. Zenouska Mowatt
14%
66. Alexander Lascelles
9%
92. Amelia Carnegie Etherington
9%
81. Amy Lascelles
9%
50. Cassius Taylor
9%
79. Celeste Lascelles
9%
86. Charles Duff Carnegie
9%
63. Christian Mowatt
9%
78. Cleo Lascelles
9%
49. Columbus Taylor
9%
85. David Carnegie
9%
65. David Lascelles
9%
69. Edward Lascelles
9%
80. Ellen Lascelles
9%
51. Eloise Taylor
9%
100. Emma Talullah Behn
9%
52. Estella Taylor
9%
61. Flora Vesterberg
9%
74. Fran Lascelles
9%
83. Henry Lascelles
9%
67. Ivy Lascelles
9%
71. James Lascelles
9%
76. Jeremy Lascelles
9%
68. Kit Lascelles
9%
91. Lady Alexandra Etherington
9%
88. Lady Chiara Carnegie
9%
87. Lady Chloe Carnegie
9%
48. Lady Helen Taylor
9%
39. Lady Rose Gilman
9%
99. Leah Isadora Behn
9%
89. Lord George Carnegie
9%
90. Lord Hugh Carnegie
9%
40. Lyla Gilman
9%
98. Maud Angelica Behn
9%
84. Maximilian Lascelles
9%
72. Rowan Lascelles
9%
41. Rufus Gilman
9%
70. Sebastian Lascelles
9%
37. Senna Lewis
9%
75. Sophie Lascelles
9%
82. Tallulah Lascelles
9%
38. Tane Lewis
9%
73. Tewa Lascelles
9%
77. Thomas Lascelles
9%
No matching quizzes found
Score Distribution
Percent of People with Each Score
Percentile by Number Answered
Your Score History
You have not taken this quiz